Sports Quiz

Random Sports or Olympics Quiz

Two Word Clues Summer Olympic Sports Quiz Stats

 Plays Quiz not verified by Sporcle

Score 0/28 Timer 07:00
0 Plays Today
% Correct
Basketball
91.7%
Table Tennis
90.1%
Gymnastics
89.6%
Fencing
88.1%
Golf
88%
Football
83.6%
Tennis
81.9%
Track Cycling
78.6%
Equestrian
78.1%
Swimming
78%
Canoeing
77.6%
Wrestling
74.8%
Synchronized Swimming
74.4%
Rowing
72.3%
% Correct
Diving
70.2%
Sailing
67.5%
Taekwondo
66.4%
Shooting
59.4%
Athletics
58.2%
Judo
54.7%
Triathlon
52.6%
Volleyball
45.6%
Water Polo
38.9%
Weightlifting
37.6%
Modern Pentathlon
37.4%
Handball
29.7%
Hockey
28.6%
Badminton
22.3%

You're not logged in!

Compare scores with friends on all Sporcle quizzes.
OR
Log In

Sporcle TV

Today on Sporcle TV


Watch our educational content, quiz creation guides, and fun videos on Sporcle TV.

Show Comments

Extras

Top Quizzes Today


Score Distribution

Your Account Isn't Verified!

In order to create a playlist on Sporcle, you need to verify the email address you used during registration. Go to your Sporcle Settings to finish the process.

Report this User

Report this user for behavior that violates our Community Guidelines.

Details: